MDQL
is popping MORE tags! Check the
thread
!
Quizzes
Events
Quiz Creation
Community
Videos
Private Events
Remove Ads
Sign In
Join for FREE
Feedback
Dark Mode
Quiz Categories
Sports
Geography
Music
Movies
Television
Just For Fun
Miscellaneous
History
Literature
Language
Science
Gaming
Entertainment
Religion
Holiday
For Kids
Quiz Lab
Recent
Popular Today
Quiz Kudos Today
Editor Picks
Curator Picks
Quizzes by...
Day
Popularity
Type
Ratings
Length
Year
Community
Subscriptions
Recent Discussions
Orange Saloon
Badges
Playlists
Quests
Create
Leaderboards
Showdown
Live 5
Trivia Bingo
Activity
Puzzle Library
Sporcle Events
Private Events
Virtual Trivia
Globe League
Become a Host
Pub Owners
SporcleCon
Opinionation
Our Games
Videos
Blog
Mobile Apps
Partnerships
Remove Ads and Go Orange
Feedback
Television
TV Characters
TV Show
Sitcom
Network
Friends
Reality Shows
Cast
South Park
Star Trek
The Simpsons
Doctor Who
Television
TV Characters
TV Show
Sitcom
Network
Friends
Reality Shows
Cast
South Park
Star Trek
The Simpsons
Doctor Who
Random Quiz
Search Sporcle
×
Quiz Lab
Quiz Lab
Television
Toys
Type in answers that appear in a list
Type in answers that appear in a list
Classic
Best Score? Go Orange.
Bertha Toys Stats
Can you name the Bertha Toys?
By
Cinn
7m
13 Questions
10 Plays
10 Plays
10 Plays
Comments
Comments
Give Quiz Kudos
Give Quiz Kudos
-
- Ratings
hide this ad
Replay
Link that replays current quiz
Next Quiz
Link to next quiz in quiz playlist
You Got
0%
They Got
Avg Score
68%
Avg Friend Score
Upgrade to see
Score Distribution
Jump to the score distribution portion of the page
Score
0/13
Timer
07:00
0
Plays Today
Episode
Goods Manufactured
% Correct
1. The Great Painting Job
Jigsaws/TOM
100%
2. The Windmills
Windmills
100%
9. The Big Order
Nuts and Bolts/Springs
80%
11. Bertha's Birthday Party
Cuckoo Clocks
80%
12. The Big Sneeze
Beach Balls
80%
13. Tom's New Friend
Sponges
70%
8. More Speed, Less Work
Garden Gnomes
70%
10. The Burglars
Jumping Kangaroos
70%
3. A Mouse in the Works
Jack in a Box
60%
5. Tom Gets Lost
Building Bricks
60%
7. The Tea Nurse
Watering Cans
50%
4. Best Machine Competition
Humming Tops
40%
6. The Flying Bear
Bear Balloons
30%
Quiz Playlist
Details
Report
Send in Message
Add To Playlist
Classic:
Type in answers that appear in a list
Quiz Source
Last Updated: Feb 16, 2017
Quiz Scoreboard
CHALLENGE
Sign Up to Join the Scoreboard
Show All
Scores
Hide
Comments
May contain spoilers
Recently Published
5x2 Blitz: Bands
by SL_Kpop136
Music
30s
Colored Red Africa Blitz
by spor1
Geography
30s
Find the 'City' Movie
by crazypaving
Movies
60s
More to Explore
Quiz From the Vault
Featured Blog Post
14 Easter Pick-up Lines to Find Eggs With
hide this ad
You Might Also Like...
Tags
Toys Quiz
Bertha
episode
Today's Top Quizzes in Television
Browse Television
hide this ad
Today's Top Quizzes in Toys
Browse Toys
Top Contributed Quizzes in Television
1
Survivor Journey Challenge
2
Brooklyn Nine Nine Logic Puzzle (How-To-Play)
3
Phoebe Buffay Quotes
4
One Tree Hill Logic Puzzle
5
Survivor Logic Puzzle: Heroes vs. Villains
6
Survivor Trivia
7
Game of Thrones: Tywin Lannister Start to Finish
8
All US Survivor Seasons in Order
9
Emmerdale Characters (from August 2012)
10
Survivor Trivia #6: Criteria Quiz!
Explore More
Trending Topics
Kpop
Crossword
Disney
Anime
Marvel
Harry Potter
NBA
The Office
Pokémon
Song
Soccer
Country
WWE
NFL
Puzzle
hide this ad
More By:
Cinn
Quiz
Plays
Rating
Category
Featured
Created
Thunderbirds Episodes
966
4.88
Television
Aug 25, 2010
Postman Pat Characters
778
2.00
Television
Aug 21, 2010
Primeval Characters
586
Television
Nov 14, 2009
Bertha Toys
10
5.00
Television
Nov 28, 2009
Go to Creator's Profile
Score Distribution
Quiz Creator Spotlight
Cinn
Follow
Send a Message
Quizzes Created
-
Created Quiz Play Count
-
More By This Creator
Popular Quizzes Today
1
Find the 'City' Movie
2
Colored Red Africa Blitz
3
Find the US States - No Outlines Minefield
4
5x2 Blitz: Bands
5
The Countries of the World
6
Find the US States
7
US States
8
9x9 Crossword: Cartoon Network
More Television Quizzes
COLOR-CODED Television
Published
Trending Quizzes
Colored Red Europe Blitz I
Colored Red Africa Blitz II
Colored Red Europe Blitz II
Colored Red Europe Blitz III
Colored Red Africa Blitz III
Recently Updated
Famous TV Couples
Peacemaker
Champions League XIs: Real Madrid
pecheneg
Largest US Cities 1790-2010
pecheneg
Rides in Walt Disney World
pecheneg
Most Oscar Losses (Acting)
pecheneg
Beyoncé Albums
pecheneg
Leaping Animals
pecheneg
Reality TV Shows (A-Z)
bhenderson79
Rickey Henderson's Hall of Fame Teammates
pecheneg
Champions League XIs: Arsenal
pecheneg
Trending Topics
Marvel
Disney
Kpop
Crossword
NBA
Anime
Harry Potter
Pokémon
Soccer
WWE
Song
Puzzle
NFL
The Office
Country
Your Account Isn't Verified!
In order to create a playlist on Sporcle, you need to verify the email address you used during registration. Go to your
Sporcle Settings
to finish the process.
Report this User
Report this user for behavior that violates our
Community Guidelines
.
Details:
Send Report
Go to the Sporcle.com Mobile Site →
Comments